000 00476cam a2200181ua 4500
001 5691
005 20260515113925.0
008 131008n ii |||gr||||Z||||||asm
040 _cMAIN
082 _a954.162
100 1 _aTamuli Phukan ,Kashinath,
_eAuthor.,
245 _aAssam Buranji
_cby Kashinath Tamuli Phukan
260 _aSivasagar:
_bBasu Publication,
_c2012.
653 _aHistory
653 _aAssam Buranji
700 1 _aBorbarua,Radhanath,
_eAuthor.
942 _cBK
999 _c4846
_d4846